SARDAR VALLABHBHAI PATEL: (Record no. 182813)

MARC details
000 -LEADER
fixed length control field 00632 a2200193 4500
005 - DATE AND TIME OF LATEST TRANSACTION
control field 20211207114112.0
010 ## - LCCN (DPL NO)
LC control number ENG-130216
020 ## - INTERNATIONAL STANDARD BOOK NUMBER
Terms of availability 995.00
International Standard Book Number 978-81-92485-46-1
035 ## - SYSTEM CONTROL NUMBER
System control number EN-113748
037 ## - SOURCE OF ACQUISITION
Source of stock number/acquisition DBAD / PUB
082 ## - DEWEY DECIMAL CLASSIFICATION NUMBER
Classification number 954.035092
100 ## - MAIN ENTRY--PERSONAL NAME
Personal name Verma, B.C.
245 ## - TITLE STATEMENT
Title SARDAR VALLABHBHAI PATEL:
Statement of responsibility, etc B.C. Verma
250 ## - EDITION STATEMENT
Edition statement 2015
260 ## - PUBLICATION, DISTRIBUTION, ETC. (IMPRINT)
Place of publication, distribution, etc Darya Ganj
Name of publisher, distributor, etc Nisha Publications
Date of publication, distribution, etc 2015
270 ## - ADDRESS
City New Delhi
Electronic mail address sales@nishabookdistributors.com
Address G-11 A 4754/23, Akarshan Bhawan, Ansari Road, Darya Ganj
Postal code 110002
Telephone number 011-29258681
300 ## - PHYSICAL DESCRIPTION
Extent 296p.
Dimensions 22cm (hbk)
942 ## - ADDED ENTRY ELEMENTS (KOHA)
Institution code [OBSOLETE] dpl
Item type English Books
Source of classification or shelving scheme Dewey Decimal Classification
Classification part 954.035092
Call number suffix VER
Holdings
Withdrawn status Lost status Not for loan Collection code Home library Current library Date acquired Source of acquisition Cost, normal purchase price Full call number Barcode Copy number Cost, replacement price Koha item type
      Non-fiction Shahdara Branch Shahdara Branch 07/12/2021 DBAD/PUB 995.00 954.035092 VER EN-113748 1 995.00 English Books

© Delhi Public Library
Hit Counter
free hit counter